00484nam a2200181Ia 45000030006000000050017000060080041000230400009000640410012000730820021000851000013001062450040001192600009001593000008001689420007001769990017001839520102002000Nust20170105110304.0161124s9999 xx 000 0 und d cIGIS aEnglish a371.2007451bPAK aPakistan aWeb GIS Principles and Applications c1999 a176 cBK c31328d31328 001040708TextaIGISbIGISd0000-00-00l0o371.2007451PAKpIGIS1236r2017-01-05w0000-00-00yBK